Hand book of practicals physics (SYBSC) (Record no. 825680)

MARC details
000 -LEADER
fixed length control field 00585nam a2200217Ia 4500
008 - FIXED-LENGTH DATA ELEMENTS--GENERAL INFORMATION
fixed length control field 101110s9999 xx 000 0 und d
041 ## - LANGUAGE CODE
Language code of text/sound track or separate title ENGLISH
082 ## - DEWEY DECIMAL CLASSIFICATION NUMBER
Item number SR33179
100 ## - MAIN ENTRY--PERSONAL NAME
Personal name Garach N.C.,Chitale R.S.& Shroff Adarsh
245 ## - TITLE STATEMENT
Title Hand book of practicals physics (SYBSC)
260 ## - PUBLICATION, DISTRIBUTION, ETC. (IMPRINT)
Date of publication, distribution, etc 2009
Name of publisher, distributor, etc Sheth publishres, Mumbai
300 ## - PHYSICAL DESCRIPTION
Extent 175
365 ## - TRADE PRICE
Price amount 90
520 ## - SUMMARY, ETC.
Summary, etc Physics
546 ## - LANGUAGE NOTE
Language note ENGLISH
630 ## - SUBJECT ADDED ENTRY--UNIFORM TITLE
Uniform title Hand book of practicals physics (SYBSC)
650 ## - SUBJECT ADDED ENTRY--TOPICAL TERM
Topical term or geographic name as entry element Physics
655 ## - INDEX TERM--GENRE/FORM
Genre/form data or focus term Physics
730 ## - ADDED ENTRY--UNIFORM TITLE
Uniform title Hand book of practicals physics (SYBSC)
942 ## - ADDED ENTRY ELEMENTS (KOHA)
Koha item type Book
Holdings
Withdrawn status Lost status Damaged status Not for loan Home library Current library Date acquired Source of acquisition Cost, normal purchase price Shelving control number Total Checkouts Barcode Date last seen Price effective from Koha item type
        D. B. J. College, Chiplun D. B. J. College, Chiplun   PrathamPratham books & stationary shpp. Mumbai, Cash memo no.143, dt.16/1/2010 90.00     DBJSR33179 11/11/2010 11/11/2010 Book